| 000 | 01236nam a2200313 i 4500 | ||
|---|---|---|---|
| 001 | bg | ||
| 100 | 1 |
_aDurlik, Ireneusz _d(1931- ). |
|
| 245 | 1 | 0 |
_aInżynieria zarządzania : _bstrategia i projektowanie systemów produkcyjnych. _cIreneusz Durlik. _nCz. 1 / |
| 246 | 1 | 1 | _aEngineering management |
| 246 | 1 | 1 | _aVerwaltungsingenieurie |
| 250 | _aWyd. 4. | ||
| 260 |
_aWarszawa : _b"Placet", _c1998. |
||
| 300 |
_a287, [8] s. : _brys., wykr. ; _c24 cm. |
||
| 490 | 1 |
_aBiblioteka Biznesmena ; _v1 |
|
| 500 | _aTyt. równol.: Engineering management : strategies and designing production systems = Verwaltungsingenieurie : Strategie und Projektierung der Produktionssysteme. | ||
| 504 | _aBibliogr. s. [288-290]. - Indeks. | ||
| 650 | 9 |
_aProdukcja _xorganizacja _xprojekty |
|
| 650 | 9 |
_aPrzemysł _xzarządzanie _xzagadnienia |
|
| 655 | _aPodręczniki akademickie | ||
| 830 | _aBiblioteka Biznesmena ; | ||
| 020 | _a8385428127 (cz. 1) | ||
| 040 | _cBPK | ||
| 041 | 0 | _apl | |
| 080 | _a658.5.012.001.13/.14::66/69(075.8) | ||
| 920 | _a83-85428-12-7 (cz. 1) | ||
| 942 | _cKS | ||
| 008 | s pl f |000 0 pol | ||
| 856 |
_uhttp://koha.tu.koszalin.pl/cgi-bin/koha/opac-detail.pl?biblionumber=36956 _yKatalog online BPK |
||
| 999 |
_c36956 _d36956 |
||